000 00496nam a2200193Ia 4500
001 11893
003 GE_BSU
008 181216s||||||||xx |||||||||||||| ||und||
040 _cGE_BSU
080 _a638.1(075.3)
245 _aУчебник пчеловода
245 _cРед.Е.Г.Нечаева.Худ.Н.И.Крылов
250 _aизд. 2
260 _aМосква
260 _c1958
300 _a635стр.23см.
653 _aУчебник пчеловода
942 _cBK
999 _c45070
_d45070